000 01030nam a2200229Ia 4500
999 _c54671
_d54671
001 21738
003 GE_BSU
005 20220125173840.0
008 181216s ||||ge |||||||||||||| ||geo||
040 _cGE_BSU
041 _ageo
080 _a811.353.1-003 რ-21
100 _aრამიშვილი, ვ.
_913460
245 _aქართული ანბანი :
_bთვალსაჩინო დიდაქტიკური მასალა ქართულ ენაში :
_cვ. რამიშვილი ; რედ. ლ. ამაშუკელი.
264 _aთბილისი :
_bგანათლება,
_c1986.
541 _h5ლ. 20თ.
653 _aთვალსაჩინო დიდაქტიკური მასალა ქართულ ენაში
653 _aქართული ანბანი
653 _aქართული ენა
700 _aამაშუკელი, ლ.
_eრედაქტორი
_913461
942 _cBK
_2udc